000
00227nam a22001097a 4500
003
OSt
008
231011b |||||||| |||| 00| 0 eng d
041
_a
mal
082
_a
894.812308
_b
KOV/EZ
245
_a
Ezhamedangal
942
_c
BK
999
_c
17735
_d
17735